| 000 | 005280000a22001810004500 | ||
|---|---|---|---|
| 020 | _a0-311-17036-6 | ||
| 041 | 0 | _aSPA | |
| 082 | 0 | 4 | _aG 260 A773t |
| 100 | 1 | _aArrastía, Cecilio (1922-) | |
| 245 | 1 | 0 | _aTentación y misión : Reflexiones sobre la misión de la iglesia / Cecilio Arrastía |
| 260 | _aEl Paso, TX., USA : Casa Bautista de Publicaciones | ||
| 300 | _a128 Pag | ||
| 001 | 6678 | ||
| 942 | _cBK | ||
| 999 |
_c36946 _d36946 |
||
| 336 |
_atexto _btxt _2rdacontent |
||
| 337 |
_2rdamedia _asin mediación _bn |
||
| 338 |
_2rdacarrier _avolumen _bnc |
||